LEADER 01158nam a2200241 a 4500 001 000000127147 003 CaOOAMICUS 005 20111122115038.0 008 111122n it u000 u ita r 040 $aPUL$bita 245 00$aVangelo e societą :$batti del convegno di studi per il centenario della Rerum Novarum, Perugia, 27-28 aprile 1991 /$ca cura di maria Lupi e Luciano Tosi. 260 $a[S. l. :$bs. n.],$c[s. d.] 300 $a235 p. ;$c24 cm. 500 $aIn testa al front.: Archidiocesi di Perugia - Cittą della Pieve, Ufficio diocesano per i problemi sociali e il lavoro. 504 $aBibliografia in nota. 700 1 $aLupi, Maria.$0(OLS)http://pul/name/30431 700 1 $aTosi, Luciano.$0(OLS)http://pul/name/77108 850 $aPUL 852 $aPUL$W1$xDP1 Fondo Maccarrone$y58$m1508 C 20$j147034$qFondi$B145730$CPULBib$Z2$F145730 $H02321 $82 941 1 $a1 996 $6245$aVangelo e societą :$batti del convegno di studi per il centenario della Rerum Novarum, Perugia, 27-28 aprile 1991$9(OLS)http://pul/title/160644 996 $6260$a[S. l. :$bs. n.]$9(OLS)http://pul/publisher/47882 LEADER 01332nam a2200313 u 4500 001 000000082500 003 CaOOAMICUS 005 20070226123853.0 008 050414s2005 it u000 u ita u 020 $a8810503554 035 $a11039195 040 $aPUL$bita 100 1 $aLambiasi, Francesco.$0(OLS)http://pul/name/9269 245 13$aLo Spirito santo, mistero e presenza :$bper una sintesi di pneumatologia /$cFrancesco Lambiasi, Dario Vitali. 260 $aBologna :$bDehoniane,$c2005. 300 $a477 p. ;$c24 cm 490 1 $aCorso di teologia sistematica ;$v5 500 $aComprende indici. 504 $aBibliografia: p. [425]-464. 650 4$aSpiritus Sanctus.$0(OLS)http://pul/subject/903 700 1 $aVitali, Dario,$csac.,$d1956 -$0(OLS)http://pul/name/40122 830 0$aCorso di teologia sistematica ;$v5.$0(OLS)http://pul/title/1929 850 $aPUL 852 $aPUL$W1$xSL Religione 1$y3$m56 G 39.5bis$j117904$nBK-PRI$qStampati$B105106$CPULBib$Z2$F105106 $HPUL98104 $81 941 1 $a8 960 $aSpirito Santo$9903 996 $6020$a8810503554$9(OLS)http://pul/number/109352 996 $6245$aLo Spirito santo, mistero e presenza :$bper una sintesi di pneumatologia$9(OLS)http://pul/title/13762 996 $6260$aBologna :$bDehoniane$9(OLS)http://pul/publisher/48655